01850nam a2200157 a 4500008004100000020001500041041000800056100001900064245003000083250004700113260003500160300002200195500006500217505139500282655001501677200311s2006 a ||||gr|||| 001 0 spa d a9505630247 aspa1 aMoro, Tomás. aUtopía /cTomás Moro. a1a ed.bTraducción José Luis Galimidi. aBuenos Aires:bColihue;c2006. a208 p.b18x12 cm. aMoro, T. (2006). Utopía. (1a ed.). Buenos Aires : Colihue. aUtopía, de Tomás Moro -texto que tiene el raro privilegio de haberle dado nombre a un concepto clave de la teoría política-, es fiel expresión del humanismo secularizado y de la reflexión político-filosófica que atravesara todo el Renacimiento . El libro despliega ante el lector los fundamentos conceptuales y las principales estructuras ( instituciones, creencias,pràcticas, costumbres, disposiciòn urbana)de lo que deberìa ser una repùblicaperfecta. Utopìa se inserta de este modo en la larga tradiciòn de ciudades y paìses ideales que, desde Platò y San Agustìn hasta Campanella, Bacon y Fourier, constituyen un tema recurrentede todo el pensamiento polìticooccidental. Pero el libro no es una mera apologìade ese "estado òptimo" de la organizaciòn social ; una nota de esceptisimo renacentista sedesliza subrepticiamente en sus pàginas, y como contrapartida de esta descripciòn de la repùblica ideal surge tambièn una solapada advertencia acerca de los lìmites de aplicabilidad del modelo descripto. La presente ediciòn incluye, en el orden original, todos los documentos anexos de la ediciòn publicada en 1518 en Basilea por Juan Froeben. La traducciòn, directa del latìn, la introducciòn y las notas han estado a cargo del Doctor Josè Luis Galimidi, Profesor de Filosofìa Politìca de la Universidad de Buenos Aires. aLiteratura